| 000 -ლიდერი |
| ფიქსირებული სიგრძის საკონტროლო ველი |
01594nam a2200217Ia 4500 |
| 001 - საკონტროლო ნომერი |
| საკონტროლო ველი |
19760 |
| 003 - საკონტროლო ნომრის იდენტიფიკატორი |
| საკონტროლო ველი |
GE_BSU |
| 005 - ბოლო ოპერაციის თარიღი და დრო |
| საკონტროლო ველი |
20200420205556.0 |
| 008 - ფიქსირებული სიგრძის მონაცემთა ელემენტები - ზოგადი ინფორმაცია |
| ფიქსირებული სიგრძის საკონტროლო ველი |
181216s2016||||ge |||||||||||||| ||geo|| |
| 040 ## - კატალოგიზაციის წყარო |
| Transcribing agency |
GE_BSU |
| 041 ## - ენის კოდი |
| Language code of text/sound track or separate title |
geo |
| 080 ## - უნივერსალური ათობითი კლასიფიკაციის ინდექსი |
| Universal Decimal Classification number |
347.991(479.22) ს-32 |
| 245 ## - ცნობა სათაურის შესახებ |
| Title |
საქართველოს უზენაესი სასამართლოს მნიშვნელოვანი განმარტებანი / |
| Statement of responsibility, etc |
შეადგინა და დაამუშავა თამთა მეშველაშვილმა ; კრებულზე მუშაობდნენ : ლიანა ლომიძე, თამთა მეშველაშვილი, რუსუდან ჭანტურიძე [და სხვ.] ; რედაქტორი სანდრო ჯორბენაძე ; ყდის დიზაინი მარიკა მაღალაშვილი. |
| 264 ## - წარმოების, გამოცემის, დისტრიბუციის და სხვა ცნობები |
| გამოცემის, წარმოების, დისტრიბუციის... ადგილი |
თბილისი : |
| გამოცემის, წარმოების, დისტრიბუციის... სახელწოდება |
საქრთველოს უზენაესი სასამართლო, |
| გამოცემის, წარმოების, დისტრიბუციის... თარიღი |
2016. |
| 300 ## - ფიზიკური აღწერა |
| Extent |
216 გვ. ; |
| Dimensions |
29 სმ. |
| 653 ## - INDEX TERM--UNCONTROLLED |
| Uncontrolled term |
სამართალი |
| 653 ## - INDEX TERM--UNCONTROLLED |
| Uncontrolled term |
საქართველოს უზენაესი სასამართლოს მნიშვნელოვანი განმარტებანი |
| 700 ## - ADDED ENTRY--PERSONAL NAME |
| Personal name |
ჯორბენაძე, სანდრო |
| Relator term |
რედაქტორი |
| 9 (RLIN) |
7936 |
| 700 ## - ADDED ENTRY--PERSONAL NAME |
| Personal name |
მაღალაშვილი, მარიკა |
| Relator term |
ყდის დიზაინი |
| 9 (RLIN) |
7937 |
| 942 ## - ADDED ENTRY ELEMENTS (KOHA) |
| Koha item type |
წიგნი |
| Source of classification or shelving scheme |
|